[Event "RUS-chT2"]
[Site "Sochi"]
[Date "2015.05.02"]
[Round "2.4"]
[White "Romanenkov, Aleksandr"]
[Black "Ofitserian, Boris"]
[Result "0-1"]
[WhiteElo "2105"]
[BlackElo "2272"]
[PlyCount "106"]
[EventDate "2015.05.01"]
[EventType "team-swiss"]
[EventRounds "7"]
[EventCountry "RUS"]
[SourceTitle "CBM 166 Extra"]
[Source "ChessBase"]
[SourceDate "2015.06.18"]
[SourceVersion "1"]
[SourceVersionDate "2015.06.18"]
[SourceQuality "1"]
[WhiteTeam "Smolensk Region VOS"]
[BlackTeam "Moscow Region"]
[WhiteTeamCountry "RUS"]
[BlackTeamCountry "RUS"]

1. d4 Nf6 2. c4 g6 3. Nc3 Bg7 4. e4 d6 5. Nf3 0-0 6. Be2 Bg4 7. Be3 Nfd7 8. Qd2 e5 9. d5 Nb6 10. b3 N8d7 11. 0-0 Bxf3 12. Bxf3 f5 13. Qd1 a5 14. Be2 Qe7 15. f3 Bf6 16. Qd2 Nc8 17. Rab1 f4 18. Bf2 Bh4 19. g3 Bg5 20. Qd1 h5 21. Re1 fxg3 22. hxg3 h4 23. Bf1 hxg3 24. Bxg3 Nf6 25. Bg2 Nh5 26. Bf2 Bf4 27. Ne2 Qg5 28. Kf1 Bd2 29. Qc2 Bxe1 30. Rxe1 b6 31. Qc1 Qf6 32. Qh6 Qg7 33. Be3 Qxh6 34. Bxh6 Rf7 35. Bg5 Kg7 36. Kf2 Nf6 37. Ng3 Ne7 38. Bh3 Raf8 39. Be6 Nh7 40. Bxf7 Nxg5 41. Be6 Nxf3 42. Nf5+ Rxf5 43. Re3 Rf4 44. Rxf3 Rxf3+ 45. Kxf3 Ng8 46. a3 Nf6 47. b4 axb4 48. axb4 Kh6 49. Bh3 Kg5 50. Be6 Kh4 51. Bf7 g5 52. Bg6 Kh3 53. Bf5+ g4+ 0-1

[Event "IBCA EU-ch blind 05th"]
[Site "Rhodes"]
[Date "2011.09.09"]
[Round "4"]
[White "Romanenkov, Aleksandr"]
[Black "Bursuc, Mihai"]
[Result "1-0"]
[WhiteElo "2153"]
[BlackElo "1902"]
[PlyCount "65"]
[EventDate "2011.09.06"]
[EventType "swiss"]
[EventRounds "9"]
[EventCountry "GRE"]
[SourceTitle "CBM 144 Extra"]
[Source "ChessBase"]
[SourceDate "2011.10.28"]
[SourceVersion "1"]
[SourceVersionDate "2011.10.28"]
[SourceQuality "1"]

1. e4 c5 2. Nf3 g6 3. d4 cxd4 4. Nxd4 Nc6 5. Nc3 Bg7 6. Be3 Nf6 7. Bc4 Qa5 8. 0-0 0-0 9. h3 a6 10. a3 d6 11. Qe2 Qc7 12. Rad1 b5 13. Ba2 Bb7 14. Nxc6 Bxc6 15. Nd5 Qb7 16. Bd4 Rfe8 17. f3 Rad8 18. Nxf6+ exf6 19. Qf2 d5 20. exd5 Bxd5 21. Bxd5 Rxd5 22. Rd3 Red8 23. Rfd1 Qc6 24. Qe2 Re8 25. Qd2 Rc8 26. Bc3 Qc5+ 27. Qf2 Rxd3 28. Rxd3 Qc4 29. Qb6 a5 30. Rd8+ Rxd8 31. Qxd8+ Bf8 32. Qxf6 Bc5+ 33. Kh2 1-0

[Event "IBCA Wch blind 12th"]
[Site "Belgrade"]
[Date "2010.08.30"]
[Round "5.8"]
[White "Avram, Sretko"]
[Black "Romanenkov, Aleksandr"]
[Result "1-0"]
[WhiteElo "2266"]
[BlackElo "2172"]
[PlyCount "111"]
[EventDate "2010.08.26"]
[EventType "swiss"]
[EventRounds "9"]
[EventCountry "SRB"]
[SourceTitle "EXT 2011"]
[Source "ChessBase"]
[SourceDate "2010.11.26"]
[SourceVersion "1"]
[SourceVersionDate "2010.11.26"]
[SourceQuality "1"]

1. Nf3 d5 2. d4 Nf6 3. c4 c6 4. Nc3 e6 5. cxd5 cxd5 6. Bg5 Be7 7. e3 0-0 8. Bd3 b6 9. 0-0 Bb7 10. Rc1 Nc6 11. h3 Re8 12. a3 Nd7 13. Bf4 Nf8 14. Ne5 f6 15. Nxc6 Bxc6 16. Nb5 Qd7 17. Nc3 Bd6 18. Bxd6 Qxd6 19. Ba6 Rab8 20. Qd3 Bb7 21. Bb5 Re7 22. Rc2 Rc8 23. Rfc1 Rec7 24. g3 Ng6 25. h4 Nf8 26. Kg2 Qe7 27. Qe2 e5 28. Ba6 Qe6 29. Bxb7 Rxb7 30. dxe5 fxe5 31. Rd1 Rd8 32. Rcd2 Rbd7 33. Qf3 d4 34. exd4 Rxd4 35. Rxd4 Rxd4 36. Re1 Rd2 37. Re2 Rxe2 38. Qxe2 Nd7 39. Qf3 a5 40. Ne4 h6 41. Qc3 Qd5 42. f3 Kf7 43. h5 Ke7 44. g4 Qd1 45. Qc4 Qb1 46. Qe2 Qc1 47. Ng3 Kf6 48. Qd3 Qxb2+ 49. Kh3 Nf8 50. Qd8+ Kf7 51. Qd5+ Ke8 52. Nf5 Qxa3 53. Nd6+ Ke7 54. Qf7+ Kd8 55. Qxf8+ Kd7 56. Qc8+ 1-0

[Event "IBCA Wch blind 12th"]
[Site "Belgrade"]
[Date "2010.08.28"]
[Round "3.25"]
[White "Berggren, Patrik"]
[Black "Romanenkov, Aleksandr"]
[Result "0-1"]
[WhiteElo "1924"]
[BlackElo "2172"]
[PlyCount "130"]
[EventDate "2010.08.26"]
[EventType "swiss"]
[EventRounds "9"]
[EventCountry "SRB"]
[SourceTitle "EXT 2011"]
[Source "ChessBase"]
[SourceDate "2010.11.26"]
[SourceVersion "1"]
[SourceVersionDate "2010.11.26"]
[SourceQuality "1"]

1. c4 c5 2. g3 Nf6 3. Nc3 d5 4. cxd5 Nxd5 5. Bg2 Nc7 6. b3 e5 7. Bb2 Be7 8. Rc1 0-0 9. Nf3 f6 10. d3 Nc6 11. Na4 b6 12. Nxe5 Nxe5 13. Bxa8 Nxa8 14. 0-0 Bb7 15. d4 Qd5 16. f3 cxd4 17. Qxd4 Qe6 18. Kg2 Rd8 19. Qc3 Nc6 20. e4 Nc7 21. Rfd1 Kf7 22. Rxd8 Bxd8 23. Qd2 Be7 24. Rd1 Bc8 25. Qf4 Qh3+ 26. Kh1 Ne6 27. Qc1 Nc5 28. Nxc5 Bxc5 29. a3 Ne5 30. Qf4 g5 31. Qd2 Nxf3 32. Qg2 Qxg2+ 33. Kxg2 Ne5 34. Bxe5 fxe5 35. Rd8 Be6 36. b4 Bd4 37. b5 Bc4 38. a4 g4 39. Rd7+ Kg6 40. h3 h5 41. hxg4 hxg4 42. Rxa7 Bd3 43. a5 Bxe4+ 44. Kh2 bxa5 45. Rxa5 Bd3 46. b6 Be4 47. Ra7 Kf6 48. Rd7 Ke6 49. b7 Ba7 50. Rd8 Bxb7 51. Re8+ Kd6 52. Re6+ Kd7 53. Re7+ Kc8 54. Rxe5 Bb8 55. Rc5+ Bc7 56. Rg5 Bf3 57. Rg7 Kb7 58. Rg6 Bb6 59. Rf6 Ka6 60. Rf5 Bd4 61. Rxf3 gxf3 62. g4 Kb5 63. g5 Kc4 64. g6 Kd3 65. Kg3 Ke2 0-1

[Event "IBCA Wch blind 12th"]
[Site "Belgrade"]
[Date "2010.08.26"]
[Round "1.24"]
[White "Fries, Elisabeth"]
[Black "Romanenkov, Aleksandr"]
[Result "1-0"]
[WhiteElo "1697"]
[BlackElo "2172"]
[PlyCount "61"]
[EventDate "2010.08.26"]
[EventType "swiss"]
[EventRounds "9"]
[EventCountry "SRB"]
[SourceTitle "EXT 2011"]
[Source "ChessBase"]
[SourceDate "2010.11.26"]
[SourceVersion "1"]
[SourceVersionDate "2010.11.26"]
[SourceQuality "1"]

1. d4 e6 2. Nf3 d5 3. c4 c6 4. Nc3 Nf6 5. Bg5 Be7 6. e3 0-0 7. cxd5 exd5 8. Bd3 Bg4 9. h3 Bh5 10. g4 Bg6 11. Ne5 Bxd3 12. Qxd3 Nfd7 13. Nxd7 Nxd7 14. Bxe7 Qxe7 15. 0-0 Qh4 16. e4 dxe4 17. Nxe4 Rad8 18. Nd6 Nb6 19. Nxb7 Rd5 20. Rae1 f5 21. Qg3 Qxg3+ 22. fxg3 fxg4 23. Rxf8+ Kxf8 24. Nc5 gxh3 25. Kh2 Kf7 26. Re4 Nd7 27. Nxd7 Rxd7 28. Kxh3 Rb7 29. b3 Rb4 30. Rf4+ Ke6 31. d5+ 1-0